Statistiques concernant Culture Générale - Série 446

Cliquez ici pour prendre le quiz!

Statistiques générales

  • Ce quiz a été pris 48 fois
  • Le résultat moyen est 4 sur 10

Statistiques - réponses

QuestionRéponse% Correct
Quel inventeur d'un alphabet pour non‐voyants repose au Panthéon ?Louis Braille
96%
Avec Sophie Berthelot, quelle autre femme repose au Panthéon ?Marie Curie
63%
Quelle chanteuse myope d'origine grecque , prénommée Maria, a été la maîtresse d'Aristote Onassis ?Maria Callas
63%
Le 19 décembre 1964, à quel grand homme Malraux dit‐il dans son discours au Panthéon "Entre ici..., avec ton terrible cortège" ?Jean Moulin
48%
En 1791, quel philosophe est le premier écrivain à faire son entrée au Panthéon ?Voltaire
46%
Lorsque c'était une église, quel nom de sainte portait le Panthéon ? ‐Sainte-Geneviève
23%
Dans quelle ville de Charente‐Maritime trouve‐t‐on des arènes construites sous l'empereur Claude ?Saintes
19%
Quel est le premier homme de couleur, prénommé Félix, à entrer au Panthéon, en 1949 ?Felix Eboué
17%
A quelle ville de Charente Maritime est rattaché Fort Vauban ?Fouras
4%
En 1764, quel architecte débute la construction du Panthéon ?Soufflot
4%

Distribution des résultats

Percentile par nombre de réponses

% des personnes avec chaque résultat

Votre développement - résultats

Vous n’avez pas pris ce quiz